Passages through recovery : (Record no. 280)

MARC details
000 -LEADER
fixed length control field 00921cam a2200253 a 4500
005 - DATE AND TIME OF LATEST TRANSACTION
control field 20260322212013.0
008 - FIXED-LENGTH DATA ELEMENTS--GENERAL INFORMATION
fixed length control field data
010 ## - LIBRARY OF CONGRESS CONTROL NUMBER
LC control number 98230932
020 ## - INTERNATIONAL STANDARD BOOK NUMBER
International Standard Book Number 1568381395
020 ## - INTERNATIONAL STANDARD BOOK NUMBER
International Standard Book Number 9781568381398
040 ## - CATALOGING SOURCE
Original cataloging agency DLC
Transcribing agency DLC
Modifying agency DLC
050 00 - LIBRARY OF CONGRESS CALL NUMBER
Classification number RC565
Item number .G675 1989
082 00 - DEWEY DECIMAL CLASSIFICATION NUMBER
Classification number 362.292/8
Edition information 21
092 ## - LOCALLY ASSIGNED DEWEY CALL NUMBER (OCLC)
Classification number 616.86 G675 1989
001 - CONTROL NUMBER
control field data
100 1# - MAIN ENTRY--PERSONAL NAME
Personal name Gorski, Terence T.
245 10 - TITLE STATEMENT
Title Passages through recovery :
Remainder of title an action plan for preventing relapse /
Statement of responsibility, etc. Terence T. Gorski.
260 ## - PUBLICATION, DISTRIBUTION, ETC.
Place of publication, distribution, etc. Center City, Minn. :
Name of publisher, distributor, etc. Hazelden,
Date of publication, distribution, etc. c1989
Date of manufacture (1997 printing)
300 ## - PHYSICAL DESCRIPTION
Extent x, 161 p. ;
Dimensions 22 cm.
504 ## - BIBLIOGRAPHY, ETC. NOTE
Bibliography, etc. note Includes bibliographical references (p. 155-156) and index.
650 #0 - SUBJECT ADDED ENTRY--TOPICAL TERM
Topical term or geographic name entry element Alcoholism
General subdivision Prevention.
-- Prevention.
856 42 - ELECTRONIC LOCATION AND ACCESS
Materials specified Publisher description
Uniform Resource Identifier <a href="http://www.loc.gov/catdir/enhancements/fy0727/98230932-d.html">http://www.loc.gov/catdir/enhancements/fy0727/98230932-d.html</a>
856 42 - ELECTRONIC LOCATION AND ACCESS
Materials specified Contributor biographical information
Uniform Resource Identifier <a href="http://www.loc.gov/catdir/enhancements/fy0735/98230932-b.html">http://www.loc.gov/catdir/enhancements/fy0735/98230932-b.html</a>
Holdings
Withdrawn status Lost status Damaged status Not for loan Home library Current library Shelving location Date acquired Total checkouts Full call number Barcode Date last seen Price effective from Koha item type
        Franklin Franklin General stacks 22/03/2026   362.292/8 21 BC0010289 22/03/2026 22/03/2026 Books